1928 1211 1923 1595 1372 1474 1004 1251 1790 1684 1105 1221 1869 1401 1113 1452 1871 1617 1247 1923 1745 1484 1740 1823 1429 1380 1236 1016 1519 1368 1631 1672 1485 1294 1501 1352 1613 1994 1572 1882 1322 1535 1863 1663 1969 1012 1852 1100 1974 1068 1611 1720 1257 1577 1529 1831 1720 1410 1917 1964 1103 1485 1661 1291 1980 1109 1782 1815 1542 1869 1850 1923 1064 1152 1406 1866 1092 1465 1936 1388 1116 1506 1325 1937 1712 1939 1505 1131 1194 1550 1400 1110 1767 1244 1332 1618 1129 1347 1445 BCNSPRNW ULIB Ver.6.0+V

เปลี่ยนเป็นภาษาไทย

Change to English
 แสดงรายละเอียดบรรณานุกรม
  กลับหน้าหลัก

Brief Record : Get Marc (ISO 2709) : E-mail record : QR code < ปิดหน้าต่าง
LEADER : 00000nam 2200000uu 4500
001    13399113274
003     ULIB
008    111005s2552||||th 000 0 tha d
020    9786115120284
050 04 TT890^bอ846พ 2552
100 0  อุมาวดี ทรัพย์สิน
245 10 พานดอกไม้บูชาพระประจำวัน /^cอุมาวดี ทรัพย์สิน
250    พิมพ์ครั้งที่ 1
260    กรุงเทพฯ :^bวาดศิลป์,^c2552
300    64 หน้า :^bภาพประกอบ ;^c26 ซม
440  0 โครงการหนังสืออนุรักษ์และส่งเสริมศิลปวัฒนธรรมไทย
650  7 การจัดดอกไม้
650  7 การประดิษฐ์ด้วยใบตอง
945    ^p160^l0^i027691
995    ทศพร
999 ^a ทศพร
รายการนี้ยังไม่มีแท็ก
คุณยังไม่ได้ล็อกอิน คุณสามารถมีกิจกรรมร่วมกับเว็บไซต์ได้ แต่ต้องล็อกอินก่อน ::
  ล็อกอิน

รายการสื่อสารสนเทศ

ลำดับที่ ประเภท เลขเรียก/บาร์โค้ด สถานที่ สถานะ
- ไม่พบข้อมูล -

รายการใกล้เคียง
    ผู้แต่ง [อุมาวดี ทรัพย์สิน]

    หัวเรื่อง [การจัดดอกไม้]
    หัวเรื่อง [การประดิษฐ์ด้วยใบตอง]

BibComment


ยังไม่เคยถูกคอมเมนท์

คอมเมนท์ทรัพยากรรายการนี้
  คอมเมนท์: พานดอกไม้บูชาพระป..


 Copyright 2026. Bcnsprnw @Library